| 000 | 00375nam a2200133Ia 4500 | ||
|---|---|---|---|
| 008 | 220217s9999||||xx |||||||||||||| ||und|| | ||
| 020 | _a0-13-493750-3 | ||
| 082 | _a005.43 LEN | ||
| 100 |
_aLendenmann, Rolf _92834 |
||
| 245 | 0 | _aUnderstanding osf dce 1.1 for aix and os/ 2 | |
| 260 |
_aPrentice hall _bNew Jersey _c1997 |
||
| 300 | _b960 | ||
| 650 | _aOperating systems | ||
| 999 |
_c170100 _d170100 |
||